[Event "FIDE Grand Prix-II Pool-C 2022"]
[Site "Belgrade"]
[Date "2022.03.06"]
[Round "5.6"]
[White "Vidit, Santosh Gujrathi"]
[Black "Rapport, Richard"]
[Result "0-1"]
[WhiteElo "2727"]
[BlackElo "2763"]
[Annotator "TA"]
[PlyCount "122"]
[EventDate "2022.03.01"]
[EventType "tourn"]
[EventCountry "SRB"]
[SourceTitle "playchess.com"]
[Source "ChessBase"]
[SourceQuality "1"]

{[%evp 13,122,14,25,13,11,0,19,7,22,14,14,19,31,32,37,39,72,41,28,34,42,0,0,-2,0,0,-13,-3,-15,-16,-12,-12,-12,-16,-16,-17,-14,-22,-23,-33,0,-103,-102,-115,-109,-114,-105,-163,-154,-141,-153,-159,-128,-117,-112,-280,-238,-414,-192,-226,-225,-343,-328,-342,-331,-331,-330,-381,-353,-543,-533,-593,-593,-839,-820,-1254,-1163,-843,-373,-636,-632,-646,-645,-611,-588,-782,-789,-766,-725,-723,-716,-712,-685,-693,-661,-689,-693,-833,-774,-875,-783,-1018,-991,-1485,-1471,-29972,-29972,-29971,-29969,-4618,-2337]} 1. e4 e6 2. d4 d5 3. e5 c5 4. c3 Qb6 5. Nf3 Bd7 6. Be2 cxd4 $1 {[%mdl 4] is currently scoring better than 6...Bb5.} 7. cxd4 Bb5 8. Bxb5+ {C02: French: Advance Variation.} Qxb5 9. Nc3 Qa6 10. a4 {The position is equal.} Bb4 11. Bd2 Bxc3 12. Bxc3 Ne7 13. b4 {[#]} Qc4 $5 $146 {[%mdl 8] New and interesting.} ({Predecessor:} 13... O-O 14. b5 Qb6 15. Qd3 h6 16. Bb4 Re8 17. h4 a6 18. Qa3 Ng6 19. Bc5 Qa5+ 20. Bb4 Qb6 21. Bc5 Qa5+ 22. Bb4 {½-½ (22) Tkac,P-Hagara,V (1967) Tatranske Matliare 2008}) 14. Rc1 Nbc6 15. Bd2 (15. Nd2 $5 {[%cal Rd2c4]} Qd3 16. Qe2 Qxe2+ 17. Kxe2 $11) 15... Qd3 16. Qe2 Qa3 17. O-O (17. b5 $14 {feels stronger.} Na5 18. O-O Qxa4 19. Rc7) 17... Nf5 $1 $36 {[%mdl 2048] Black is pushing.} 18. Bc3 Rc8 $1 {[%cal Oc6d4] White must now prevent ...Ncxd4!} 19. g4 Nfe7 20. Bd2 h5 21. gxh5 Qxa4 22. Ra1 $1 Qc2 {aiming for ...a6.} 23. b5 {Inhibits a6.} Nd8 24. Rfc1 (24. Rxa7 Rxh5 25. Ra3 Rh3 $15) 24... Qf5 25. Rxc8 Nxc8 26. Rc1 Ne7 (26... Nb6 $5 {[%cal Rh8h5]}) 27. Rc7 (27. Ng5 $2 f6 28. Nf3 Qxh5 $19) (27. Bb4 $11 {keeps the balance.}) 27... Rxh5 $17 28. Bb4 Ng6 {Dancing on a razor blade.} 29. b6 Qb1+ 30. Qe1 (30. Qf1 $17 Qxf1+ 31. Kxf1 axb6 32. h4) 30... Qxe1+ $19 31. Nxe1 axb6 32. Nc2 Rh3 33. Bd6 Nc6 {And now ...Rc3 would win.} 34. Rxb7 $2 {This move loses the game for White.} (34. Rc8+ $17 {was necessary.} Nd8 35. Rc7) 34... Rc3 35. Ne3 (35. Nb4 Nxd4 36. Rb8+ Kd7 37. Rb7+ Kd8 38. Kf1) 35... Nh4 (35... Rc1+ $142 36. Nf1 Nxd4 37. Rb8+ Kd7) 36. Kf1 Rb3 (36... Nxd4 37. Rb8+ Kd7 38. Rb7+ Kd8 39. Rb8+ Rc8 40. Be7+ Kxe7 41. Rxc8 $15) 37. Nc2 (37. Bc5 $142) 37... Rb2 38. Na3 Nf5 (38... Nxd4 39. Rb8+ Kd7 40. Rb7+ Ke8 41. Rb8+ Kd7 42. Rb7+ Ke8 $11) 39. Bc5 Nfxd4 ({Worse is} 39... bxc5 40. Rxb2 Nfxd4 41. f4 $17) ({Not} 39... Ncxd4 $2 40. Rxb6 Rxb6 41. Bxb6 $19) 40. h4 Nf5 ({Don't blunder} 40... bxc5 $2 41. Rxb2 Nxe5 42. Rb7 $19) 41. Bd6 (41. Rxb6 {keeps fighting.} Rxb6 42. Bxb6) 41... Rb3 42. Nc2 d4 {Threatens to win with ...d3.} 43. Ke1 Nxh4 44. f4 Nf3+ 45. Kf2 {[#]} Nfxe5 46. fxe5 $2 (46. Bxe5 Nxe5 47. fxe5) 46... Rb2 47. Kf3 Rxc2 48. Rxb6 {[%mdl 4096] Endgame KRB-KRN} Rc3+ 49. Kf4 f6 50. exf6 gxf6 {[%cal Bg7f6,Bf6f5][%mdl 32]} 51. Rb7 Rc4 {...d3+ is the strong threat.} 52. Ba3 Ra4 53. Bc1 Ra7 54. Rb6 Kd7 55. Ke4 f5+ 56. Kd3 e5 57. Kc4 Kd6 58. Bd2 Ra2 59. Bb4+ Kc7 60. Bc5 Rc2+ 61. Kd5 {[#]} Ne7+ $1 {[%mdl 512] Weighted Error Value: White=0.46/Black=0.21 (precise)} 0-1

[Event "FIDE Grand Prix-II Pool-C 2022"]
[Site "Belgrade"]
[Date "2022.03.07"]
[Round "6.5"]
[White "Fedoseev, Vladimir"]
[Black "Vidit, Santosh Gujrathi"]
[Result "1/2-1/2"]
[WhiteElo "2704"]
[BlackElo "2727"]
[Annotator "TA"]
[PlyCount "118"]
[EventDate "2022.03.01"]
[EventType "tourn"]
[EventCountry "SRB"]
[SourceTitle "playchess.com"]
[Source "ChessBase"]
[SourceQuality "1"]

{[%evp 13,118,12,15,8,12,8,12,0,0,0,8,0,0,-36,-37,-31,-34,-40,-30,-35,-27,-31,-37,-40,-55,-35,-19,-37,-26,-47,-18,-18,-13,-16,0,-40,-29,-89,-97,-106,-20,-103,-114,-135,0,-33,0,0,0,0,0,0,0,0,0,0,0,-13,-12,-22,-19,-16,-10,-18,-28,-114,-119,-104,0,0,0,0,0,0,0,-95,-104,-162,8,14,18,3,3,3,3,4,8,8,8,8,16,0,0,0,0,0,0,0,0,0,0,0,0,0,0,0,0]} 1. e4 e5 2. Nf3 Nf6 3. Nxe5 d6 4. Nf3 Nxe4 5. Nc3 Nxc3 6. dxc3 Be7 7. Be3 O-O 8. Qd2 {C42: Petroff Defence: 3 Nxe5 and unusual White 3rd moves.} Nd7 9. O-O-O Re8 10. Kb1 Nf6 11. Bd3 d5 12. h3 c5 {[#]} 13. c4 $146 ({Predecessor:} 13. Rhe1 Be6 14. Ng5 Bd7 15. f4 b5 16. Nf3 Bd6 17. Ne5 d4 18. cxd4 c4 19. Be2 {0-1 (75) Kevlishvili,R (2502)-Papp,P (2334) Chess.com INT 2018}) 13... b5 14. cxd5 c4 15. d6 cxd3 16. dxe7 dxc2+ 17. Qxc2 Qxe7 18. Rhe1 Bb7 {Strongly threatening ...Be4.} 19. Ka1 Be4 20. Qd2 Qb7 21. Nh4 Qa6 {Hoping for ...Bd5.} (21... Bxg2 {keeps more tension.} 22. Rg1 Be4 23. Bd4 Nh5 24. Qg5 Bg6) 22. Qd6 {Inhibits Bd5.} Qxd6 23. Rxd6 a5 {[%cal Ba7a5,Ba5a4,Ba4a3][%mdl 32]} 24. b3 (24. f3 $5 {[%cal Rf3e4]} Bc2 25. Bd2 $11) 24... a4 {And now ...axb3 would win.} 25. Kb2 (25. b4 $11) 25... Rec8 $17 {...Rc2+ is the strong threat.} 26. Rc1 {To avoid Rc2+} a3+ $1 27. Ka1 Nd5 28. Nf5 Re8 (28... Bxg2 $2 29. Rxc8+ (29. Rg1 Rc7 $15) 29... Rxc8 30. Rxd5 $1 $18 {[%mdl 512]}) ({Black should play} 28... Rd8 $1 $17 29. Rd1 Rxd6 30. Nxd6 Nxe3 31. fxe3 Bxg2 32. Nxb5 Bxh3 33. Nxa3 g5) 29. Bd2 {[%cal Of5g7]} Bxf5 ({Much less strong is} 29... Bxg2 30. Nh4 $16) 30. Rxd5 Be4 {[%csl LRd5,LRg2]} 31. Rxb5 Bxg2 32. h4 $1 h6 33. Rg1 Re2 $36 {[%csl LRd2,LRf2][%mdl 2048] Black is pushing.} 34. Be3 Kh7 35. Rc5 Bh3 36. h5 Rc8 37. Ra5 {[#]} Bg4 $1 {[%cal Oc8c2]} 38. Rxa3 (38. b4 Rc3) 38... Bxh5 39. Ra5 (39. b4 $11) 39... g5 $1 40. b4 f5 (40... Bf3 $17 41. b5 Rcc2) 41. Ra7+ $11 Kg6 42. Ra6+ $1 Kh7 43. Rh1 f4 44. Bc5 {[#]} (44. Rxh5 $11 {keeps the balance.} fxe3 45. Rhxh6+ Kg7 46. Rhg6+ Kh8 47. Rh6+ Kg7 48. Rhg6+ Kf7 49. Raf6+ Ke7 50. Re6+ Kf7 51. Rgf6+ Kg7 52. Rg6+ Kf7 53. Ref6+ Ke7 54. Re6+ Kf7) 44... Rd8 $1 $17 {[%cal Od8d5]} 45. b5 {[#]} Bf3 $2 (45... Rdd2 $1 $19 {[%cal Oh7g7]} 46. Rc1 (46. f3 Kg7) 46... Bf7) 46. Rhxh6+ $11 {The position is equal.} Kg8 {[%cal Rd8d1]} 47. Rhg6+ Kh7 {[%cal Rd8d1]} 48. Rgd6 {Inhibits Rd1+.} Rxd6 49. Rxd6 {[%mdl 4096] Endgame KRB-KRB} Re5 50. Rd7+ Kg6 51. Rc7 g4 52. b6 g3 53. fxg3 fxg3 54. Bd4 g2 55. Rc1 Re2 56. a3 Rd2 57. Bc5 Bd5 58. Kb1 Be4+ 59. Ka1 Bd5 {Weighted Error Value: White=0.13 (very precise) /Black=0.12 (very precise)} 1/2-1/2

[Event "FIDE Grand Prix-II Pool-C 2022"]
[Site "Belgrade"]
[Date "2022.03.07"]
[Round "6.6"]
[White "Rapport, Richard"]
[Black "Shirov, Alexei"]
[Result "1/2-1/2"]
[WhiteElo "2763"]
[BlackElo "2704"]
[Annotator "TA"]
[PlyCount "60"]
[EventDate "2022.03.01"]
[EventType "tourn"]
[EventCountry "SRB"]
[SourceTitle "playchess.com"]
[Source "ChessBase"]
[SourceQuality "1"]

{[%evp 11,60,22,8,9,5,1,0,1,3,0,0,4,0,0,21,3,27,31,23,27,17,12,12,8,16,9,24,13,10,9,13,10,6,10,10,10,18,0,0,0,0,0,0,0,0,0,0,0,0,0,0]} 1. c4 c5 2. Nf3 Nc6 3. d4 cxd4 4. Nxd4 Nf6 {[%cal Bg8f6,Bf6d5,Bd5c3][%mdl 32]} 5. Nc3 e6 6. Bf4 d5 7. cxd5 {A33: Symmetrical English: 2 Nf3 Nf6 3 d4 cxd4 4 Nxd4 e6 5 Nc3 Nc6.} Nxd5 8. Nxc6 bxc6 9. Bd2 Bb4 10. Qc2 Rb8 11. e3 Nxc3 12. a3 {[%cal Ba2a3,Ba3b4,Bb4b5][%mdl 32]} Qa5 {Threatens to win with ...Nd5.} 13. Qc1 {[%mdl 64] [#] Pin} Qb6 {[%cal Oc3a2]} 14. axb4 Ne4 15. Bc3 O-O 16. Bd3 Nxc3 17. bxc3 c5 18. b5 c4 19. Bxc4 {With the idea Be2.} Bd7 {The position is equal.} 20. O-O Rfc8 21. Be2 Bxb5 22. Bxb5 Qxb5 23. Rxa7 {[#]} Qc4 $146 ({Predecessor:} 23... Qc6 24. Ra3 Rb5 25. Rd1 Rc5 26. Qc2 g6 27. h3 h5 28. Rd3 Kg7 29. Qb2 Kg8 30. Qd2 Rg5 31. e4 Qxe4 32. Rd8+ Kg7 33. Qxg5 {½-½ (33) Banusz,T (2580)-Rapport,R (2621) Germany 2013}) 24. Rd7 Rb3 25. Qd1 {[#] Rd8+ would kill now.} h6 $1 ({Don't take} 25... Rf8 26. Qd6 Rbb8 27. Rc7 $16) 26. Rd8+ Rxd8 27. Qxd8+ Kh7 28. Qd4 Rxc3 29. Qxc4 Rxc4 30. g3 Kg6 {A balanced but interesting game.  Weighted Error Value: White=0.01 (flawless) /Black=0.01 (flawless)} 1/2-1/2